Zufällige Länder 4# - Statistiken

Allgemein
  • Dieses Quiz wurde 67 mal gespielt
  • Das Durchschnittsergebnis liegt bei 13 aus 15
Antworten auf der Karte
Die Antworten werden auf der Karte rot bzw. grün angezeigt, abhängig davon wie oft sie richtig erraten wurden.
 
Antwortstatistiken
Antwort % Korrekt
Japan
98%
Paraguay
96%
Vereinigte Staaten
96%
Niederlande
95%
Vereinigtes Königreich
95%
Kirgistan
93%
Indonesien
91%
Gabun
89%
Somalia
89%
Bulgarien
88%
Fidschi
88%
Sudan
88%
Slowenien
79%
Tschad
77%
Ungarn
68%
Keine übereinstimmenden Quizze gefunden
Verteilung der Resultate
Anzahl Personen mit jedem Resultat
Perzentil nach korrekt beantworteten Fragen
Ihre Resultats-Entwicklung
Sie haben dieses Quiz noch nicht gespielt